Statistiques concernant Pokémon sans évolutions

Cliquez ici pour prendre le quiz!

Statistiques générales

  • Ce quiz a été pris 207 fois
    (30 depuis la dernière actualisation)
  • Le résultat moyen est 120 sur 222

Statistiques - réponses

HintRéponse% Correct
Génération IArtikodin
100%
Canarticho
100%
Electhor
100%
Scarabrute
100%
Sulfura
100%
Elektek
92%
Magmar
92%
Mew
92%
Mewtwo
92%
Ptera
92%
Entei
83%
Ho-Oh
83%
Insécateur
83%
Leveinard
83%
Lippoutou
83%
Raikou
83%
Saquedeneu
83%
Séléroc
83%
Solaroc
83%
Suicune
83%
Génération IIAirmure
75%
Corayon
75%
Démanta
75%
Ecremeuh
75%
Girafarig
75%
Insolourdo
75%
Kicklee
75%
Lokhlass
75%
Lugia
75%
Motisma
75%
Ronflex
75%
Scarhino
75%
Tauros
75%
Tygnon
75%
Génération IIIAbsol
67%
Boréas
67%
Celebi
67%
Cobaltium
67%
Créfadet
67%
Créfollet
67%
Créhelf
67%
Cresselia
67%
Darkrai
67%
Dedenne
67%
Démétéros
67%
Deoxys
67%
Dialga
67%
Drakkarmin
67%
Excelangue
67%
Fulguris
67%
Génésect
67%
Giratina
67%
Heatran
67%
Hoopa
67%
Jirachi
67%
Keldéo
67%
Kyogre
67%
Méloetta
67%
Métamorph
67%
M.Mime
67%
Palkia
67%
Qulbutoké
67%
Qwilfish
67%
Rayquaza
67%
Regice
67%
Regigigas
67%
Regirock
67%
Registeel
67%
Reshiram
67%
Simularbre
67%
Terrakium
67%
Viridium
67%
Xernéas
67%
Yveltal
67%
Zekrom
67%
Zygarde
67%
Génération VAflamanoir
58%
Génération IVArceus
58%
Blizzeval
58%
Capumain
58%
Cerfrousse
58%
Cryptero
58%
Emolga
58%
Ethernatos
58%
Farfuret
58%
Feuforêve
58%
Frison
58%
Groudon
58%
Hexagel
58%
Kangourex
58%
Kyurem
58%
Latias
58%
Latios
58%
Limonde
58%
Lovdisc
58%
Lumivole
58%
Morphéo
58%
Muciole
58%
Mysdibule
58%
Négapi
58%
Onix
58%
Pachirisu
58%
Pijako
58%
Porygon
58%
Posipi
58%
Shaymin
58%
Spectreval
58%
Sylveroy
58%
Tarinor
58%
Ténéfix
58%
Togedemaru
58%
Tokopisco
58%
Tokopiyon
58%
Tokorico
58%
Tokotoro
58%
Trousselin
58%
Volcanion
58%
Zacian
58%
Zamazenta
58%
Zarbi
58%
Zarude
58%
Génération VIIAma-Ama
50%
Bamboiselle
50%
Bargantua
50%
Bekaglaçon
50%
Génération VIBrutalibré
50%
Câblifère
50%
Cancrelove
50%
Caratroc
50%
Chartor
50%
Cornèbre
50%
Couafarel
50%
Denticrisse
50%
Diancie
50%
Engloutyran
50%
Eoko
50%
Guérilande
50%
Hexadron
50%
Judokrak
50%
Karaclée
50%
Katagami
50%
Magearna
50%
Mangriff
50%
Maracachi
50%
Marshadow
50%
Morpeko
50%
Mouscoto
50%
Nanméouïe
50%
Necrozma
50%
Pierroteknik
50%
Queulorior
50%
Regidrago
50%
Regieleki
50%
Relicanth
50%
Séviper
50%
Spinda
50%
Spiritomb
50%
Victini
50%
Zeraora
50%
Zeroïd
50%
Cadoizo
42%
Dolman
42%
Draïeul
42%
Fermite
42%
Galvagla
42%
Galvagon
42%
Hydragla
42%
Hydragon
42%
Kecleon
42%
Météno
42%
Mimiqui
42%
Plumeline
42%
Rosélia
42%
Scorplane
42%
Strassie
42%
Tropius
42%
Vortente
42%
Yanma
42%
Génération VIIIAmovenus
33%
Boumata
33%
Concombaffe
33%
Duralugon
33%
Fongus-Furie
33%
Fort-Ivoire
33%
Froussardine
33%
Koraidon
33%
Mamanbo
33%
Miraidon
33%
Nigirigon
33%
Oyacata
33%
Têtes-de-Fer
33%
Wattapik
33%
Craparoi
25%
Dodoala
25%
Flotte-Mèche
25%
Garde-de-Fer
25%
Gouroutan
25%
Hotte-de-Fer
25%
Hurle-Queue
25%
Mite-de-Fer
25%
Paume-de-Fer
25%
Quartermac
25%
Rampe-Ailes
25%
Roue-de-Fer
25%
Rugit-Lune
25%
Sinistrail
25%
Génération IXBaojian
17%
Chongjian
17%
Délestin
17%
Dinglu
17%
Epine-de-Fer
17%
Flamenroule
17%
Lestombaile
17%
Nigosier
17%
Pelage-Sablé
17%
Serpente-Eau
17%
Vert-de-Fer
17%
Yuyu
17%
Ferdeter
8%
Motorizard
8%
Tapatoès
8%
Wimessir
8%

Distribution des résultats

Percentile par nombre de réponses

% des personnes avec chaque résultat

Votre développement - résultats

Vous n’avez pas pris ce quiz depuis la dernière actualisation